Data warehouse lifecycle toolkit : expert methods for designing, developing, and deploying data warehouses (Record no. 190248)

MARC details
000 -LEADER
fixed length control field 00558nam a2200157Ia 4500
005 - DATE AND TIME OF LATEST TRANSACTION
control field 20250227171831.0
008 - FIXED-LENGTH DATA ELEMENTS--GENERAL INFORMATION
fixed length control field 231217s9999 xx 000 0 und d
020 ## - INTERNATIONAL STANDARD BOOK NUMBER
International Standard Book Number 997151415X
082 ## - DEWEY DECIMAL CLASSIFICATION NUMBER
Classification number 005.7 KIM1;9
100 ## - MAIN ENTRY--PERSONAL NAME
Personal name Kimball, Ralph. Reeves, Laura. Ross, Margy [et al.]
245 #0 - TITLE STATEMENT
Title Data warehouse lifecycle toolkit : expert methods for designing, developing, and deploying data warehouses
260 ## - PUBLICATION, DISTRIBUTION, ETC. (IMPRINT)
Date of publication, distribution, etc. 2005
Name of publisher, distributor, etc. Icfai
Place of publication, distribution, etc. Hyderabad
300 ## - PHYSICAL DESCRIPTION
Extent xix, 771
650 ## - SUBJECT ADDED ENTRY--TOPICAL TERM
Topical term or geographic name as entry element warehouse,lifecycle,toolkit,designing,,developing,,deploying,warehouses
942 ## - ADDED ENTRY ELEMENTS (KOHA)
Koha item type Books
Holdings
Date last seen Total Checkouts Full call number Accession number Old discount Cost, replacement price Price effective from Category Public note Lost status Damaged status Department Withdrawn status bill no. bill date Permanent Location Current Location Shelving location Entry date Vendor Cost, normal purchase price Grants Currency symbol Conversion rate Discount Discount type
26/01/2024   005.7 KIM1;9 71249   38.00 26/01/2024 Books 71249     Central Library   1993 12/01/2015 Central Library Central Library Central Library 26/11/2010 ICFAI Press 38.00 MBA RS 1   Rupees

© For any Suggestions or Query, please contact the library staff @ librarian@pes.edu or Phone: +9180 2672 1983/ 2108.